Vista normal
Vista MARC
Entrada Personal Name
Número de registros utilizados en: 1
001 - CONTROL NUMBER
- control field: 2733
003 - CONTROL NUMBER IDENTIFIER
- control field: OSt
005 - DATE AND TIME OF LATEST TRANSACTION
- control field: 20131017183742.0
008 - FIXED-LENGTH DATA ELEMENTS
- fixed length control field: 131017|||a|||||| | ||| d
040 ## - CATALOGING SOURCE
- Original cataloging agency: OSt
- Transcribing agency: OSt
100 ## - HEADING--PERSONAL NAME
- Personal name: Weller, Silvana
670 ## - SOURCE DATA FOUND
- Source citation: Work cat.: (OSt): Weller, Silvana, Seminario I: Sexualidad y Servicios de Salud: un desafio para la gestion en VIH/SIDA, 2004